01411nam a2200349Ia 4500001001200000003000800012006001900020007001500039008004100054010001700095020001500112020001500127020002200142040002100164035002000185050002500205082001600230245012000246260004400366300002400410500010100434504005100535533015200586650003200738650003700770650003600807655002900843700002900872710001700901856012600918999001701044ebr10058202CaPaEBRm u cr cn|||||||||960322s1997 enka sb 001 0 eng d z 96015698  z0203439155 z0415142792 z0415142806 (pbk.) aCaPaEBRcCaPaEBR a(OCoLC)5076073414aBD450b.R4448 1997eb04a126/.0922000aRewriting the selfh[electronic resource] :bhistories from the Renaissance to the present /cedited by Roy Porter. aLondon ;aNew York :bRoutledge,c1997. axii, 283 p. :bill. aBased on a seminar series held at the Institute of Contemporary Arts, London, Eng., spring 1995. aIncludes bibliographical references and index. aElectronic reproduction.bPalo Alto, Calif. :cebrary,d2009.nAvailable via World Wide Web.nAccess may be limited to ebrary affiliated libraries. 0aSelf (Philosophy)xHistory. 0aSelf (Philosophy) in literature. 0aIdentity (Psychology)xHistory. 7aElectronic books.2local1 aPorter, Roy,d1946-2002.2 aebrary, Inc.40uhttp://site.ebrary.com/lib/rucke/Doc?id=10058202zAn electronic book accessible through the World Wide Web; click to view c68154d68154